000 00596cam a22002173a 4500
001 44030
003 PGUSA
005 20140828084013.0
008 131025s2013||||xxu|||||s|||||000 | eng d
040 _aPGUSA
_beng
042 _adc
100 1 _aInnes, Luna May
245 1 0 _aOur Little Danish Cousin
_h[electronic resource] /
_cLuna May Innes
260 _bProject Gutenberg,
_c2013
506 _aPublic domain in the USA.
516 _aElectronic text
700 1 _aOtis, Elizabeth
830 0 _aProject Gutenberg
_v44030
856 4 0 _uhttp://www.gutenberg.org/ebooks/44030
942 _cEB
999 _c273281
_d273281